| 000 | 00957nam a2200265Ia 4500 | ||
|---|---|---|---|
| 003 | GCL | ||
| 008 | 140319s9999 xx 000 0 ara d | ||
| 040 |
_aGCL / _cGCL |
||
| 082 | 0 | 4 |
_a071.962 _bا ق |
| 100 | 1 | _aاحمد حمروش | |
| 245 | 1 | 0 |
_aقصة الصحافة فى مصر / _cاحمد حمروش |
| 260 |
_aالقاهرة : _bدار المستقبل العربى ، _c1989 |
||
| 300 |
_a230 ص ؛ _c20 سم |
||
| 490 | _a | ||
| 650 | 0 | 4 | _aمصر |
| 650 | 0 | 4 | _aالجوانب الاجتماعية |
| 650 | 0 | 4 | _aالصحافة المصرية |
| 650 | 0 | 4 | _aالحكومة والصحافة |
| 650 | 0 | 4 | _aالاحتلال البريطانى |
| 650 | 0 | 4 | _aالرأى العام |
| 650 | 0 | 4 | _aالجوانب السياسية |
| 650 | 0 | 4 | _aمصر - تاريخ - العصر الحديث - الثورة العرابية |
| 650 | 0 | 4 | _aمصر - تاريخ - العصر الحديث - عصر اسماعيل ( 1863-1879 م ) |
| 942 |
_2ddc _cBK |
||
| 999 |
_c58750 _d58750 |
||